| 000 | 00454cam a2200193ua 4500 | ||
|---|---|---|---|
| 001 | 7362 | ||
| 008 | 141208n ii |||gr||||Z||||||ben | ||
| 040 | _cMAIN | ||
| 041 | _aben | ||
| 082 | _a782.42 | ||
| 100 |
_aTagore, R., _eAuthor. |
||
| 245 | 1 |
_aSangkalpa o sbadesh _cBy Rabindranath Tagore |
|
| 250 | _a4th rev. | ||
| 260 |
_aKolkatta: _bBiswabharati, _c1966. |
||
| 300 | _a115p. | ||
| 653 | _aVocal music | ||
| 653 | _aBengali songs | ||
| 942 | _cBK | ||
| 999 |
_c6487 _d6487 |
||